Statistics for Brazilian World Cup Football Team (2006)

Click here to take the quiz!

General Stats

  • This quiz has been taken 781 times
  • The average score is 8 of 11

Answer Stats

Hint Answer % Correct
FW Real Madrid (ESP)Ronaldo
96%
MF Barcelona (ESP)Ronaldinho
94%
GK AC Milan (ITA)Dida
91%
MF AC Milan (ITA)Kaka
88%
DF (C) AC Milan (ITA)Cafu
85%
DF Real Madrid (ESP)Roberto Carlos
81%
DF Bayern Munich (GER)Lucio
76%
FW Inter Milan (ITA)Adriano
71%
MF Bayern Munich (GER)Ze Roberto
54%
DF Bayer Leverkusen (GER)Juan
47%
MF Juventus (ITA)Emerson
44%

Score Distribution

Percentile by Number Answered

Percent of People with Each Score

Your Score History

You have not taken this quiz